| 000 | 01035nam a22002417a 4500 | ||
|---|---|---|---|
| 005 | 2010040505255.0 | ||
| 008 | 100405t xxu||||| |||| 00| 0 hin d | ||
| 010 | _aHIN-89228 | ||
| 020 |
_a9788190858700 _c125.00 |
||
| 035 | _aHN-61574 | ||
| 037 | _bDBAD / PUB | ||
| 040 |
_aDPL _bHN |
||
| 082 | _aक | ||
| 100 |
_aअशोक लव _916366 |
||
| 245 |
_aखिड़कियों पर टंगे लोग / _cअशोक लव |
||
| 260 |
_aदिल्ली _bएस.एन.पब्लिकेशन _c2009 |
||
| 270 |
_a7/12, श्रीराम कालोनी, निलोठी एक्स, नांगलोई _bदिल्ली _e110041 _k9313317238 |
||
| 300 |
_a88पृ _c22सेमी (सजिल्द) |
||
| 650 |
_aलगु कथाएँ, हिन्दी _916367 |
||
| 650 |
_aShort stories, hindi _916368 |
||
| 942 |
_2ddc _cHN _mअशोक |
||
| 999 |
_c35067 _d35067 |
||